Countries Containing 3 Letter Words - Statistics

General Stats
  • This quiz has been taken 131 times
    124 since last reset
  • The average score is 8 of 10
Answer Stats
Word Countries % Correct
Cam Cambodia, Cameroon
100%
Den Denmark, Sweden
100%
Lib Libya, Liberia
100%
Pan Japan, Panama
98%
Ton Tonga, Estonia
89%
Ran Iran, France
81%
Tin Argentina, Eswatini
66%
Run Burundi, Brunei
55%
Her Bosnia and Herzegovina, Netherlands
54%
Ten Montenegro, Liechtenstein
32%
No matching quizzes found
Score Distribution
Percent of People with Each Score
Percentile by Number Answered
Your Score History
You have not taken this quiz since the last reset